[Event "COL-ch disabled 2nd"]
[Site "Cali"]
[Date "2008.10.27"]
[Round "5.18"]
[White "Alvarez, Ruben Dario"]
[Black "Ordonez, Jairo Hernan"]
[Result "0-1"]
[WhiteElo "1600"]
[BlackElo "1600"]
[PlyCount "112"]
[EventDate "2008.10.25"]
[EventType "swiss"]
[EventRounds "7"]
[EventCountry "COL"]
[SourceTitle "EXT 2024"]
[Source "ChessBase"]
[SourceDate "2023.10.10"]
[SourceVersion "1"]
[SourceVersionDate "2023.10.10"]
[SourceQuality "1"]

1. e4 e5 2. Nf3 Nc6 3. Nc3 Nf6 4. Bc4 h6 5. 0-0 Bc5 6. d3 a6 7. a3 d6 8. b4 Bd7 9. Rb1 b5 10. Bb3 Nd4 11. Nxd4 Bxd4 12. Ne2 Ba7 13. Ng3 Bg4 14. Qd2 Nh5 15. Nxh5 Bxh5 16. Qc3 Rc8 17. Qc6+ Kf8 18. Bb2 Rb8 19. Qxa6 Bb6 20. a4 bxa4 21. Qxa4 Qg5 22. Qd7 Kg8 23. Bc1 Qg6 24. c3 Bf3 25. Bxf7+ Qxf7 26. Qxf7+ Kxf7 27. gxf3 Rhf8 28. d4 exd4 29. c4 Kg8 30. Kg2 Rf6 31. Kh1 Rxf3 32. Rg1 Kh7 33. Bb2 Rg8 34. Kg2 Rgf8 35. Rgf1 Rb3 36. f3 Rxb4 37. Kg3 Rxc4 38. Rfd1 Rb4 39. Ba3 Rb3 40. Ra1 d3 41. e5 Bc5 42. Bxc5 dxc5 43. e6 Re8 44. Rac1 Rxe6 45. Kf4 Re2 46. Kf5 Rxh2 47. Ke6 Rb6+ 48. Kd5 Rh5+ 49. Kc4 Rd6 50. f4 c6 51. Rg1 Rd4+ 52. Kc3 Rf5 53. Rh1 Rfxf4 54. Rhg1 Rd8 55. Rxg7+ Kh8 56. Rd7 Rxd7 0-1

[Event "COL-ch disabled 2nd"]
[Site "Cali"]
[Date "2008.10.27"]
[Round "6.17"]
[White "Velasquez, Ricardo"]
[Black "Alvarez, Ruben Dario"]
[Result "0-1"]
[WhiteElo "1600"]
[BlackElo "1600"]
[PlyCount "70"]
[EventDate "2008.10.25"]
[EventType "swiss"]
[EventRounds "7"]
[EventCountry "COL"]
[SourceTitle "EXT 2024"]
[Source "ChessBase"]
[SourceDate "2023.10.10"]
[SourceVersion "1"]
[SourceVersionDate "2023.10.10"]
[SourceQuality "1"]

1. d4 d5 2. Nc3 Nf6 3. e3 Nc6 4. Nf3 Bg4 5. h3 Bxf3 6. gxf3 e6 7. e4 Bb4 8. Bd2 0-0 9. Bb5 Nxd4 10. Be3 Bxc3+ 11. bxc3 Nxb5 12. Rb1 Nxc3 13. Qc1 Nxb1 14. Qxb1 dxe4 15. fxe4 Nxe4 16. c3 Qd2+ 17. Bxd2 Rad8 18. Qxe4 h6 19. Rg1 g6 20. Bxh6 Rfe8 21. h4 f5 22. Qe5 Re7 23. h5 Kh7 24. hxg6+ Kg8 25. Qb5 c6 26. Qc5 Rdd7 27. g7 Rd1+ 28. Ke2 Rxg1 29. Qc4 Kf7 30. Qc5 Kg6 31. Be3 Kxg7 32. Qe5+ Kf7 33. f3 Rg2+ 34. Kf1 Rxa2 35. Qc7 Rxc7 0-1

[Event "COL-ch disabled 2nd"]
[Site "Cali"]
[Date "2008.10.26"]
[Round "3.19"]
[White "Alvarez, Ruben Dario"]
[Black "Betancourt Florez, Nestor"]
[Result "1-0"]
[WhiteElo "1600"]
[BlackElo "1612"]
[PlyCount "28"]
[EventDate "2008.10.25"]
[EventType "swiss"]
[EventRounds "7"]
[EventCountry "COL"]
[SourceTitle "EXT 2024"]
[Source "ChessBase"]
[SourceDate "2023.10.10"]
[SourceVersion "1"]
[SourceVersionDate "2023.10.10"]
[SourceQuality "1"]

1. e4 e5 2. Nf3 Nf6 3. Nc3 Bc5 4. Bc4 Nc6 5. 0-0 d6 6. Ng5 0-0 7. d3 h6 8. Nf3 Bg4 9. Bd2 Bd4 10. a3 Bxf3 11. gxf3 Nh5 12. Kh1 Qf6 13. f4 Nxf4 14. Qg4 Nxd3 1-0

[Event "COL-ch disabled 2nd"]
[Site "Cali"]
[Date "2008.10.25"]
[Round "2.13"]
[White "Villegas, Jeisson Steven"]
[Black "Alvarez, Ruben Dario"]
[Result "1-0"]
[WhiteElo "1637"]
[BlackElo "1600"]
[PlyCount "61"]
[EventDate "2008.10.25"]
[EventType "swiss"]
[EventRounds "7"]
[EventCountry "COL"]
[SourceTitle "EXT 2024"]
[Source "ChessBase"]
[SourceDate "2023.10.10"]
[SourceVersion "1"]
[SourceVersionDate "2023.10.10"]
[SourceQuality "1"]

1. e4 e5 2. Nf3 Nf6 3. Nxe5 d6 4. Nf3 Bg4 5. Nc3 Nc6 6. d4 Qe7 7. Bg5 Rd8 8. Bb5 a6 9. Bxc6+ bxc6 10. 0-0 d5 11. h3 Bxf3 12. Qxf3 h6 13. exd5 Qd6 14. Ne4 Qxd5 15. Bxf6 Be7 16. Rae1 Kf8 17. Bxe7+ Kxe7 18. Nf6+ Qe6 19. Ng4 h5 20. Nh2 g5 21. Qxc6 g4 22. Qxc7+ Rd7 23. Rxe6+ fxe6 24. Qe5 Rg8 25. Re1 Rg6 26. Qxh5 Rf6 27. Nxg4 Rf7 28. Ne5 Rf5 29. Qh7+ Rf7 30. Qxf7+ Kd6 31. Qxd7# 1-0